El bufón

Salvato in:
Dettagli Bibliografici
Autore principale: Dostoievski, Fedor (Autore)
Natura: Libro
Lingua:spagnolo
Pubblicazione: Madrid CIAP 1929
Soggetti:
Tags: Aggiungi Tag
Nessun Tag, puoi essere il primo ad aggiungerne!!

MARC

LEADER 00000nam a2200000 a 4500
001 UCZ1704
003 CL-VaPUC
008 950831e19290000SP |||||||||||||||||spa|d
082 0 4 |a 891.703  |b DOS  |2 21 
100 |a Dostoievski, Fedor  |e author  |9 267773 
245 1 3 |a El bufón 
246 1 3 |a El burgués y otros ensayos 
300 |a 191 p 
942 |c BK 
945 |d 19950831 00:00:00  |a rbrito 
260 |a Madrid  |b CIAP  |c 1929 
650 0 |a Novelas rusas   |9 316330 
583 |a last modification  |c 19950831 00:00:00  |k Rodrigo Vera 
999 |c 238412  |d 238410 
952 |0 0  |1 0  |4 0  |6 891_703000000000000_DOS_1929  |7 0  |8 A  |9 248584  |a BIBEDU  |b BIBEDU  |d 2019-11-18  |i 3124452  |o 891.703 DOS 1929  |p 3124452  |r 2019-11-18  |w 2019-11-18  |y BK  |k LIT